000
00269nam a2200109Ia 4500
008
230907s9999||||xx |||||||||||||| ||und||
082
_a
333.794
_b
BRO
100
_a
Brown, Lester R.
_9
4898
245
4
_a
The great transition :
300
_a
xiv, 176 pages ;
942
_c
BK
999
_c
598307
_d
598307